| 000 | 00879nam a22002057a 4500 | ||
|---|---|---|---|
| 999 |
_c194555 _d194555 |
||
| 005 | 20230503164602.0 | ||
| 010 | _aB-746948-951 E.N.A./7.11.22 | ||
| 020 |
_a9789390095087 _c895.00 |
||
| 035 | _aB-746948-951 | ||
| 037 | _bPragati Publication | ||
| 082 | _a616.2414 | ||
| 100 | _aHossain, Delwar | ||
| 245 |
_aCovid-19: _bGlobal Pandemic and Aspects of Human Security in South Asia Implications and Way Forward/ _cDelwar Hossain and Shariful Islam |
||
| 260 |
_aNew Delhi _bPentagon Press LLP _c2020 |
||
| 270 |
_a206, Peacock Lane, Shapur Jat, _bNew Delhi _e110049 |
||
| 300 |
_a184p. _c23cm(hb) |
||
| 700 | _aIslam, Shariful | ||
| 942 |
_2ddc _cEN _mHOS _h616.2414 |
||